Statistiques concernant D'où Viennent ces citations de films ? #1

Cliquez ici pour prendre le quiz!

Statistiques générales

  • Ce quiz a été pris 212 fois
  • Le résultat moyen est 6 sur 15

Statistiques - réponses

QuestionRéponse% Correct
Nous, on fait dans le massacre de nazis et, crois-moi, ces derniers temps l’activité est en plein boom !Inglourious Basterds
68%
-Vous voulez un whisky ? - Non, juste un doigt. - Vous ne voulez pas un whisky d’abord ?La cité de la peur
63%
“Il y a une part de lumière et d’ombre en chacun de nous. Ce qui compte c’est celle que l’on choisit de montrer dans nos actes, ça c’est ce que l’on est vraiment.”Harry Potter et l'ordre du Phénix
53%
Si je ne suis pas de retour dans cinq minutes… Attendez plus longtemps !Ace Ventura : détective pour chats et chiens
52%
Tu sais, ton père a été le capitaine d’un vaisseau pendant 12 minutes, il a sauvé 800 vies dont celle de ta mère et la tienne.Star Trek (2009)
43%
- Boniface, vous le saviez, vous, que le maréchal Ney avait été fusillé ? - Ben oui, m’sieur, comme Napoléon.Les Choristes
42%
Le soleil est trop bas dans le ciel pour tuer un roi.Troie
41%
Vous jouez au dur sous votre armure. Si on vous l’enlève, vous êtes quoi ? - Un génie, playboy, philanthrope, milliardaire.Avengers
37%
Leçon numéro 2 : ne sois jamais dépendant de ta propre camelote.Scarface
34%
- Ça va faire trois quarts d’heure qu’il a la tête dans ses spaghettis. - Comment ça ? Personne a vérifié s’il respirait encore ? - Je ne suis quand même pas débile : à moins qu’il s’oxygène à la sauce spaghettis, il ne respire plus du tout.Seven
34%
Le bonheur attend au coin d’la rue.The truman Show
34%
C'est une bonne situation bourreau ? Non, je veux dire, c'est un métier que vous recommanderiez à un jeune qui veut se lancer dans la vie ? Non, je vous assure que ça m'intéresse vraiment, c'est parce qu'on a rarement l'occasion de rencontrer un bourreau dans sa vie et c'est vrai que quand ça arrive, c'est souvent la dernière fois alors... Dites moi, vous, c'est une vocation dans votre cas ? Je veux dire est-ce que c'est une passion qui est devenue un métier ou au contraire peut-être que c'est un conseiller d'orientation qui vous a aiguillé vers cette voie qui n'est pas une voie de garage parce que vous le faite très bien, je vous le dis franchement je trouve que c'est du très bon boulot. Et je me disais que en même temps, si c'est pas un métier choisi, autant arrêter tout de suite.Astérix aux services de sa majesté
29%
- Il y a quelqu’un ? - Non, y a personne ! - Ah bon !Le corniaud
22%
J’ai juste eu trois amants en quatre ans. […] Et aucun d’eux n’a été aussi alléchant qu’un bon bouquin et un bon bain chaud.Jerry Maguire
21%
Ce n’est pas nous qui le chassons, c’est lui qui nous chasse.Rambo
16%

Distribution des résultats

Percentile par nombre de réponses

% des personnes avec chaque résultat

Votre développement - résultats

Vous n’avez pas pris ce quiz